| 000 | 00733nam a2200229 u 4500 | ||
|---|---|---|---|
| 005 | 20210223132127.0 | ||
| 008 | 130815s2011 es r 000 0 spa d | ||
| 020 | _a9788497991100 | ||
| 035 | _aUPN01000192270 | ||
| 049 | _aCG | ||
| 050 | 4 |
_aBF724.3 S3.6 _bD8.2 |
|
| 100 | 1 |
_aDuclos, Germain _934300 |
|
| 245 | 1 | 3 |
_aLa autoestima en los adolescentes / _cGermain Duclos, Danielle Laporte, Jacques Ross ; tr. Montserrat Asensio. |
| 260 |
_aBarcelona, Esp. : _bMedici, _c2011. |
||
| 300 | _a112 p. | ||
| 534 |
_pTraducción de: _tL'estime de soi des adolescents |
||
| 650 | 4 |
_aAUTOESTIMA EN ADOLESCENTES _92912 |
|
| 700 | 1 |
_aLaporte, Danielle, _ecoaut. |
|
| 700 | 1 |
_aRoss, Jacques, _ecoaut. |
|
| 905 | _aLibro | ||
| 999 |
_c164373 _d164373 |
||